|
|
|
|
| LEADER |
00880cam a2200217 7i4500 |
| 001 |
0000052115 |
| 005 |
20190103090000.0 |
| 020 |
|
|
|a 0764569597 (hbk.)
|
| 020 |
|
|
|a 9780764569593 (hbk.)
|
| 090 |
0 |
0 |
|a QA76.9.A25
|b M58 2005
|
| 100 |
1 |
|
|a Mitnick, Kevin D
|
| 245 |
1 |
4 |
|a The art of intrusion :
|b the real stories behind the exploits of hackers, intruders & deceivers
|c Kevin D. Mitnick, William L. Simon.
|
| 260 |
|
|
|a Indianapolis, IN:
|b Wiley Publishing, Inc.,
|c 2005.
|
| 300 |
|
|
|a xvii, 270 p.;
|c 24 cm.
|
| 650 |
0 |
0 |
|a Computer security
|
| 650 |
0 |
0 |
|a Hackers
|
| 700 |
1 |
|
|a Simon, William L
|
| 997 |
|
|
|a Communication, Visual Art & Computing, Faculty
|b Computing, Department
|
| 998 |
|
|
|a Computer Science (Network Security and Digital Forensic), Degree
|
| 999 |
|
|
|a 0000064575
|b BOK
|c OPEN SHELF
|e 2nd Floor, Bestari Jaya
|
| 999 |
|
|
|a 0000064576
|b BOK
|c OPEN SHELF
|e 2nd Floor, Bestari Jaya
|